000 00728nam a2200229Ia 4500
003 GCL
008 140319s9999 xx 000 0 ara d
040 _aGCL /
_cGCL
082 0 4 _a322.43
_bم ا
100 1 _aمحمد عباس
245 1 0 _aاغتيال امة : قصة سادات رسالة الى جيل قادم ورئيس ات /
_cمحمد عباس
260 _a[S.N] :
_bمكتبة مدبولى ،
_c1992
300 _a355 ص
490 _a
650 0 4 _aالعصر الحديث
650 0 4 _aمصر
650 0 4 _aالحركات الفكرية عند المسلمين
650 0 4 _aالارهاب
650 0 4 _aالجرائم السياسية
650 0 4 _aالاسلام والسياسة
942 _2ddc
_cBK
999 _c27889
_d27889